000
00289nam a2200097Ia 4500
008
220204s9999 xx 000 0 und d
082
_a
331:338.23:331.2(540)
_b
REP;1
245
0
_a
Report of the study group for wage policy
260
_a
Delhi
_b
National Commission on labour
_c
1969
942
_c
BK
999
_c
22016
_d
22016